00360nam a22001337a 4500020001800000040000900018082001600027100002000043110002500063245005100088250001600139260003600155650003500191 a9781259025976 cNUST a621.395 BRO aBrown, Stephen. aVranesic, Zvonko G.  aFundamentals of Digital Logic with VHDL Design a3rd Edition aNew Dehli:bMcGraw-Hill,c2012. aDigital Logic with VHDL Design